Marcatori della finale di coppa del mondo - Morte improvvisa - Statistics

Statistiche generali
  • Questo quiz è stato fatto 85 volte
  • Il punteggio medio è 8 su 12
Answers on the Grid
Answers color-coded by a green-red scale on the quiz's grid according to % correct below.
Mario Götze
Lionel Messi
Ángel Di María
Kylian Mbappé
Antoine Griezmann
Paul Pogba
Ivan Perišić
Mario Mandžukić
Andrés Iniesta
Marco Materazzi
Zinédine Zidane
Ronaldo
Miroslav Klose
Ronaldinho
Thierry Henry
Francesco Totti
Robin van Persie
Arjen Robben
Xavi
Olivier Giroud
Luka Modrić
Julián Álvarez
Ousmane Dembélé
Neymar
Thomas Müller
Mesut Özil
Randal Kolo Muani
Christiano Ronaldo
 
Statistiche sulle risposte
Risposta % Corretto
Lionel Messi
78%
Andrés Iniesta
73%
Kylian Mbappé
73%
Zinédine Zidane
72%
Marco Materazzi
68%
Mario Götze
68%
Ángel Di María
67%
Antoine Griezmann
63%
Ronaldo
62%
Paul Pogba
55%
Mario Mandžukić
52%
Ivan Perišić
48%
Nessun quiz corrispondente trovato
Distribuzione punteggi
Percentuale di utenti per punteggio
Percentile per numero di risposta
I tuoi punteggi nel tempo
Non hai fatto questo quiz